000 00595nam a2200205Ia 4500
003 GCL
008 140319s9999 xx 000 0 ara d
040 _aGCL /
_cGCL
082 0 4 _a956.501
_bس ا
100 1 _aسليمان ابوعزالدين
245 1 0 _aابراهيم باشا فى سوريا /
_cسليمان ابوعزالدين
260 _a[S.N] :
_bالمطبعة العلمية ،
_c1929
300 _a344 ص
490 _a
650 0 4 _aالعصر الحديث
650 0 4 _aسوريا
650 0 4 _aالتاريخ
650 0 4 _aابراهيم باشا
942 _2ddc
_cBK
999 _c58622
_d58622